Statistics for All Countries by Easternmost Point on Land, revealing Map

Click here to take the quiz!

General Stats

  • This quiz has been taken 189 times
  • The average score is 109 of 196

Answer Stats

Lat Country % Correct
169°01'WRussia
100%
169°52'WNew Zealand
84%
167°57'EAustralia
79%
178°15'WFiji
79%
159°24'EPapua New Guinea
77%
172°09'EMarshall Islands
77%
179°51'ETuvalu
77%
153°59'EJapan
75%
141°05'EIndonesia
75%
166°57'ENauru
75%
170°13'EVanuatu
75%
77°30'EPakistan
74%
105°40'EThailand
74%
106°40'ELaos
74%
107°35'ECambodia
74%
101°10'EMyanmar
74%
88°15'ENepal
74%
87°30'EKazakhstan
74%
75°05'ETajikistan
74%
80°20'EKyrgyzstan
74%
92°35'EBangladesh
74%
97°20'EIndia
74%
130°40'ENorth Korea
74%
81°40'ESri Lanka
74%
131°52'ESouth Korea
74%
73°20'EUzbekistan
74%
170°10'ESolomon Islands
74%
126°34'EPhilippines
74%
119°10'EMalaysia
74%
120°00'EMongolia
74%
122°06'ETaiwan
74%
134°46'EChina
74%
73°31'EMaldives
73%
75°00'EAfghanistan
73%
109°30'EVietnam
73%
127°19'EEast Timor
73%
92°05'EBhutan
73%
115°25'EBrunei
73%
163°01'EFederated States of Micronesia
73%
104°24'ESingapore
73%
66°40'ETurkmenistan
71%
134°42'EPalau
71%
59°50'EOman
70%
63°18'EIran
70%
56°24'EUnited Arab Emirates
68%
50°33'EAzerbaijan
67%
48°33'EIraq
67%
55°30'ESaudi Arabia
67%
56°16'ESeychelles
67%
63°30'EMauritius
66%
42°25'ESyria
66%
46°40'EGeorgia
66%
46°37'EArmenia
66%
44°49'ETurkey
66%
39°20'EJordan
66%
48°40'EKuwait
66%
50°40'EMadagascar
66%
51°39'EQatar
66%
36°38'ELebanon
66%
40°45'EMozambique
64%
41°00'EKenya
64%
40°29'ETanzania
64%
35°40'EIsrael
64%
35°45'EEgypt
64%
40°15'EUkraine
64%
38°35'ESudan
64%
50°43'EBahrain
64%
51°27'ESomalia
64%
54°30'EYemen
64%
48°00'EEthiopia
64%
43°25'EDjibouti
64%
43°7'EEritrea
64%
35°55'EMalawi
63%
34°36'ECyprus
63%
35°56'ESouth Sudan
63%
44°32'EComoros
63%
32°50'EZambia
62%
35°02'EUganda
62%
30°50'EBurundi
60%
30°53'ERwanda
60%
72°30'EUnited Kingdom
60%
33°00'EZimbabwe
60%
32°55'ESouth Africa
60%
33°30'ENorway
59%
31°30'EDemocratic Republic of the Congo
59%
31°35'EFinland
59%
32°46'EBelarus
59%
32°08'ESwaziland
59%
29°20'EBotswana
58%
29°40'ERomania
58%
55°50'EFrance
58%
30°10'EMoldova
58%
28°36'EBulgaria
56%
29°28'ELesotho
56%
28°12'EEstonia
55%
27°28'ECentral African Republic
55%
29°38'EGreece
55%
28°15'ELatvia
55%
24°00'EChad
53%
26°50'ELithuania
53%
21°4'EAlbania
52%
25°05'ELibya
52%
22°55'EHungary
51%
22°30'ESlovakia
51%
20°21'EMontenegro
51%
25°15'ENamibia
51%
23°00'EMacedonia
51%
24°10'ESweden
51%
23°01'ESerbia
51%
24°09'EPoland
51%
24°00'EAngola
51%
171°20'WSamoa
49%
150°13'WKiribati
49%
173°43'WTonga
49%
19°30'EBosnia and Herzegovina
49%
21°47'EKosovo
49%
19°27'ECroatia
49%
15°2'EGermany
48%
18°51'ECzech Republic
48%
18°40'ERepublic of the Congo
48%
15°11'EDenmark
48%
18°31'EItaly
48%
16°00'ENiger
48%
17°9'EAustria
48%
16°36'ESlovenia
48%
16°12'ECameroon
48%
9°33'ELiechtenstein
47%
4°19'ESpain
47%
11°20'EEquatorial Guinea
47%
14°34'EMalta
47%
11°35'ETunisia
47%
13°15'ENigeria
47%
14°30'EGabon
47%
1°46'ETogo
45%
12°31'ESan Marino
45%
12°27'EVatican City
45%
1°10'EGhana
45%
3°50'EBenin
45%
12°00'EAlgeria
45%
6°22'EBelgium
44%
7°26'EMonaco
44%
7°13'ENetherlands
44%
10°29'ESwitzerland
44%
7°26'ESão Tomé and Príncipe
44%
1°47'EAndorra
44%
6°32'ELuxembourg
44%
4°00'EMali
44%
2°25'EBurkina Faso
44%
10°17'WSierra Leone
42%
7°45'WGuinea
42%
11°22'WSenegal
42%
1°10'WMorocco
42%
2°35'WIvory Coast
42%
6°01'WIreland
42%
4°45'WMauritania
42%
7°22'WLiberia
42%
6°11'WPortugal
42%
87°42'WEl Salvador
41%
59°26'WBarbados
41%
87°35'WBelize
41%
88°15'WGuatemala
41%
53°5'WUruguay
41%
13°40'WGuinea-Bissau
41%
13°14'WIceland
41%
13°48'WGambia
41%
22°40'WCape Verde
41%
52°37' WCanada
41%
28°50'WBrazil
41%
53°41'WArgentina
41%
59°45'WVenezuela
40%
54°00'WSuriname
40%
56°30'WGuyana
40%
57°30'WBolivia
40%
60°31'WTrinidad and Tobago
40%
54°15'WParaguay
40%
82°46'WNicaragua
38%
83°35'WHonduras
38%
86°42'WMexico
38%
66°24'WChile
38%
61°15'WDominica
38%
61°08'WSaint Vincent and the Grenadines
38%
61°23'WGrenada
38%
82°30'WCosta Rica
37%
77°09'WPanama
37%
61°40'WAntigua and Barbuda
37%
72°45'WBahamas
37%
60°54'WSaint Lucia
37%
75°15'WEcuador
37%
64°34'WUnited States
36%
62°31'WSaint Kitts and Nevis
36%
67°00'WColombia
36%
68°39'WPeru
36%
74°08'WCuba
36%
71°38'WHaiti
36%
76°12'WJamaica
36%
68°20'WDominican Republic
36%

Score Distribution

Percentile by Number Answered

Percent of People with Each Score

Your Score History

You have not taken this quiz